[Event "Stay Safe Play From Home 221"]
[Site "T#646739Emanuel Laske"]
[Date "2020.06.12"]
[Round "3"]
[White "Lamborghini"]
[Black "Lazieri3"]
[Result "1-0"]
[WhiteElo "2266"]
[BlackElo "2014"]
[Annotator "TA"]
[PlyCount "65"]
[EventDate "2020.06.12"]
[EventType "swiss (blitz)"]

{[%evp 14,64,39,38,35,14,18,-9,120,127,110,125,131,85,120,10,78,23,38,-44,-45,-58,-48,-75,-79,-56,0,0,1208,1170,2645,2050,12798,1758,3377,3315,2218,2147,29988,29989,29992,29992,29996,29997,29997,29993,29993,29994,29994,29995,29995,29996,29999]} 1. e4 c6 2. d4 d5 3. Nc3 {[%cal Bb1c3,Bc3e4,Be4g5][%mdl 32]} dxe4 4. Nxe4 Nd7 5. Ng5 Ngf6 6. Bd3 e6 7. N1f3 h6 8. Nxe6 fxe6 {B17: Caro-Kann: Modern Line (4...Nd7).} ({Don't take} 8... Qe7 9. O-O $15) 9. Bg6+ Ke7 10. O-O Qa5 (10... Qc7 $1 $11) 11. Bf4 $16 {[%mdl 1024] [#] White has strong compensation.} Kd8 $146 ({Predecessor:} 11... Nd5 12. Bg3 Qb4 13. Ne5 Nxe5 14. dxe5 Kd7 15. Re1 Kc7 16. Rb1 Bc5 17. c3 Qb6 18. c4 Ne7 19. Be4 Rf8 {0-1 (19) Fenollar Jorda,M-Miralles Lopez,R Spain 1996}) 12. c4 Be7 13. a3 Nf8 14. Bd3 (14. b4 $16 Qa6 15. Bd3) 14... Ke8 (14... Qh5 $11) 15. b4 (15. Ne5 $16) 15... Qd8 16. Qe2 (16. Ne5 $14) 16... Kf7 $15 17. Rfe1 Kg8 18. Rad1 Bd6 19. Ne5 Bxe5 (19... Qe7 $15) 20. dxe5 $11 {Black must now prevent Bh7+!} Ne8 $2 {[%mdl 8192] [#]} (20... N6d7 $11) 21. Bh7+ $1 $18 {[%mdl 576] Discovered Attack} Nxh7 22. Rxd8 Kf7 23. c5 Ng5 24. Bxg5 hxg5 25. Qf3+ Ke7 26. Red1 {White mates.} Rf8 27. Qg4 Nc7 28. Qxg5+ {[%mdl 64] [#] Double Attack} Kf7 29. Rxf8+ Kxf8 30. Rd8+ Ne8 31. Qg6 {[%csl Gg6][%cal Rd8e8]} Bd7 32. Rxd7 {[%csl Gd7][%cal Rg6f7]} Rc8 33. Qf7# {Accuracy: White = 51%, Black = 37%.} 1-0

[Event "Stay Safe Play From Home 221"]
[Site "T#646739Emanuel Laske"]
[Date "2020.06.12"]
[Round "3"]
[White "Little champs"]
[Black "Mepe_Nika"]
[Result "0-1"]
[WhiteElo "2201"]
[BlackElo "2372"]
[Annotator "TA"]
[PlyCount "168"]
[EventDate "2020.06.12"]
[EventType "swiss (blitz)"]

{[%evp 9,168,-5,2,4,0,-2,7,-2,10,6,6,5,69,0,17,-38,141,141,264,-72,-60,-189,-50,-91,-33,-220,-208,-436,-420,-860,8,14,304,0,64,-620,-604,-947,-935,-935,-930,-866,-62,-64,-67,-58,47,46,50,0,7,8,10,0,0,0,0,0,0,0,0,-8,0,0,0,-116,-116,-116,-116,-116,-117,-117,-116,-116,0,0,0,0,0,0,0,-8,-8,-29980,-29981,-29981,-29982,-29982,-29982,-29982,-29983,-29983,-29984,-29984,-29985,-29985,-29986,-29987,-29987,-29988,-29989,-29989,-29990,-29990,-29991,-29991,-29992,-29993,-29992,-29994,-29993,-29993,-29991,-29992,-29992,-29993,-29992,-29992,-29993,-29993,-29991,-29991,-29991,-29991,-29992,-29992,-29993,-29994,-29993,-29993,-29994,-29994,-29994,-29994,-29995,-29995,-29995,-29995,-29996,-29996,-29996,-29996,0,-29996,-29995,-29995,-29996,-29996,-29996,-29997,-29996,-29996,-29996,-29996,-29997,-29997,-29998,-29998,-29998,-29998,-29999]} 1. d4 c5 2. e3 cxd4 3. exd4 d5 4. Nf3 Nc6 5. Be2 Bg4 6. O-O {B13: Caro-Kann: Exchange Variation and Panov-Botvinnik Attack.} e6 7. h3 Bh5 8. c4 {The position is equal.} dxc4 9. Bxc4 {[#]} Nf6 $146 ({Predecessor:} 9... Bxf3 10. Qxf3 Qxd4 11. Bb5 Qb6 12. Nc3 Rc8 13. Be3 Qa5 14. a3 a6 15. b4 Qd8 16. Bxc6+ Rxc6 {1-0 (34) Peng,B (2022)-Krupka,D (2216) Toronto 2009}) 10. Nc3 Rc8 (10... Be7 $11) 11. Be3 (11. d5 $14 exd5 12. Nxd5 Nxd5 13. Qxd5 (13. Bxd5 Be7 $14) 13... Qxd5 14. Bxd5) 11... Bd6 (11... Nxd4 $5 12. Qa4+ Qd7 13. Qxd7+ Nxd7 14. Nxd4 Rxc4 $11) 12. Re1 (12. d5 $11 exd5 13. Bxd5 (13. Nxd5 O-O $11)) 12... Bb8 $2 (12... O-O $15) 13. g4 $16 Bg6 (13... Nxg4 $16 {was necessary.} 14. hxg4 Bxg4) 14. Kg2 $2 (14. d5 $18) 14... O-O $1 $17 15. d5 ({White should play} 15. Bb3 $15) 15... exd5 (15... Nb4 $19 16. Qe2 Nfxd5 17. Bxd5 Bd3) 16. Nxd5 Nxd5 (16... Be4 $17 17. Nxf6+ Qxf6) 17. Qxd5 $2 (17. Bxd5 $15 Re8 18. Rc1) 17... Qc7 $1 $19 {Threatens to win with ...Nb4.} 18. Rad1 $2 (18. Bb5 Nb4 19. Qd7) 18... Rcd8 ({Much less strong is} 18... Nb4 19. Qg5 $19) 19. Qb5 {[#]} (19. Qg5 $142 Rxd1 20. Rxd1) 19... Rfe8 $2 ({Better is} 19... Be4 $1 $19 {[%mdl 512] ( -> ...Qh2+)} 20. Kf1 Bxf3 21. Rxd8 Rxd8) 20. Rxd8 $11 Qxd8 $4 {[%mdl 8192]} (20... Rxd8 $11 21. Bg5 Rf8) 21. Qb3 $2 (21. Qxb7 $18 Ne5 22. Bg5 (22. Bxa7 Nxc4 23. Rxe8+ Qxe8 $16) 22... Nxf3 23. Bxd8 Nxe1+ 24. Kf1 Rxd8 25. Qe7 $1 {[%mdl 512]}) 21... Qc7 {[#]} ({Black should try} 21... Qd7 $11) 22. Rd1 $2 {[%mdl 8192]} (22. Bxa7 $1 $14 {[%mdl 512]} Rxe1 (22... Bxa7 23. Rxe8#) 23. Bxb8 Qxb8 24. Nxe1) 22... Be4 $19 23. Bd5 Qh2+ $1 24. Kf1 Qxh3+ {[%mdl 64] Double Attack} 25. Ke1 Bxf3 $2 (25... Qxf3 $19 26. Bc4 Bc7 27. Bxf7+ {[%mdl 64] Decoy} Qxf7 28. Qxf7+ Kxf7 29. Rd7+ Re7 30. Rxe7+ Kxe7) 26. Bxf7+ $15 {[#]} Kh8 $1 27. Bxe8 Bxd1 (27... Qxg4 $15 28. Bd7 Bxd1 29. Qxd1 Qxd1+ 30. Kxd1 Kg8) 28. Qxd1 $14 {White threatens Bxc6 and mate.} Qh1+ 29. Kd2 (29. Ke2 $5 {[%cal Rd1h1]} Qxd1+ 30. Kxd1 $16) 29... Qe4 30. Bxc6 Qxc6 31. Qc2 (31. Qb3 {keeps more tension.} Qd7+ 32. Ke1 h6 33. Qc4 Be5 34. b3) 31... Qxc2+ 32. Kxc2 $11 {[%mdl 4096] Endgame KB-KB} Kg8 33. Kd3 g6 34. Ke4 Kf7 35. Kd5 h5 36. gxh5 gxh5 {Black wants to play ...h4.} 37. f4 (37. Ke4 $1 $11) 37... h4 $17 {White must now prevent ...h3.} 38. Ke4 h3 {Hoping for ...h2.} 39. Kf3 Ke6 40. Kg3 Kf5 41. Kxh3 {[#]} Bxf4 (41... Ke4 $1 $17 {[%cal Re4e3]} 42. Bg1 a6) 42. Bxa7 $11 Ke4 43. Bc5 Be5 44. b4 Kd3 45. b5 Kc4 46. a4 $2 {[%mdl 8192]} (46. Be7 $11) 46... Kxc5 {KB-KPP} 47. Kg4 Kb4 48. Kf5 Bd4 49. Ke4 Bg1 50. Kd5 Kxa4 {KB-KP} 51. Kc4 b6 52. Kc3 Kxb5 53. Kb2 Kc5 54. Ka2 b5 55. Kb1 b4 56. Ka2 Kc4 57. Kb1 b3 58. Kb2 Kb4 59. Kb1 Bd4 60. Kc1 Ka3 61. Kb1 b2 62. Kc2 Ka2 63. Kd3 b1=Q+ 64. Kxd4 Qb3 65. Ke4 Ka3 66. Kf4 Kb4 67. Ke4 Qc4+ 68. Ke3 Qd5 69. Kf4 Kc5 70. Ke3 Qd4+ 71. Kf3 Kd5 72. Kg3 Ke5 73. Kf3 Qe4+ 74. Kf2 Qf4+ 75. Ke2 Qe4+ $2 (75... Kd4 {mates} 76. Kd1 Kd3 77. Ke1 Qf5 78. Kd1 Qf1#) 76. Kd2 $2 {[%mdl 8192]} (76. Kf2 $11 Kf4 77. Kg1 Qe2 78. Kh1 Kg3 79. Kg1 Qg2#) 76... Kd5 {Black mates.} 77. Kc3 Qd4+ 78. Kc2 Kc5 79. Kb3 Qe3+ 80. Kb2 Qd3 81. Ka2 Kc4 82. Kb2 Qe2+ 83. Kc1 Kb4 84. Kb1 Kb3 {Black used his chance. Accuracy: White = 45%, Black = 61%.} 0-1

[Event "Stay Safe Play From Home 221"]
[Site "T#646739Emanuel Laske"]
[Date "2020.06.12"]
[Round "3"]
[White "Grizzzly"]
[Black "Trotsky"]
[Result "1-0"]
[WhiteElo "1767"]
[BlackElo "1642"]
[Annotator "NA RC"]
[PlyCount "43"]
[EventDate "2020.06.12"]
[EventType "swiss (blitz)"]

1. d4 {[%emt 0:00:02]} d5 {[%emt 0:00:01]} 2. Bg5 {[%emt 0:00:02]} f6 {[%emt 0:00:01]} 3. Bf4 {[%emt 0:00:02]} e5 {[%emt 0:00:01]} 4. dxe5 {[%emt 0:00:01]} fxe5 {[%emt 0:00:01]} 5. Bxe5 {[%emt 0:00:01]} Nc6 {[%emt 0:00:04]} 6. Nf3 {[%emt 0:00:03]} Be6 {[%emt 0:00:01]} 7. e3 {[%emt 0:00:03]} Nxe5 {[%emt 0:00:02]} 8. Nxe5 {[%emt 0:00:01]} Bd6 {[%emt 0:00:01]} 9. Nf3 {[%emt 0:00:02]} c5 {[%emt 0:00:01]} 10. Bb5+ {[%emt 0:00:01]} Bd7 {[%emt 0:00:05]} 11. Bxd7+ {[%emt 0:00:01]} Qxd7 {[%emt 0:00:01]} 12. Qxd5 {[%emt 0:00:03]} Nf6 {[%emt 0:00:01]} 13. Qg5 {[%emt 0:00:02]} O-O-O {[%emt 0:00:01]} 14. Nbd2 {[%emt 0:00:02]} h5 {[%emt 0:00:01]} 15. O-O-O {[%emt 0:00:01]} Qc7 {[%emt 0:00:03]} 16. Nc4 {[%emt 0:00:02]} Be7 {[%emt 0:00:01]} 17. Rxd8+ {[%emt 0:00:02]} Rxd8 {[%emt 0:00:01]} 18. Rd1 {[%emt 0:00:00]} Rf8 {[%emt 0:00:04]} 19. Qf5+ {[%emt 0:00:02]} Kb8 {[%emt 0:00:01]} 20. Nfe5 {[%emt 0:00:03]} Nd5 {[%emt 0:00:05]} 21. Nd7+ {[%emt 0:00:04]} Ka8 {[%emt 0:00:01]} 22. Nxf8 {[%emt 0:00:03] Trotsky Ñäàåòñÿ (Lag: Av=0.23s, max=0.3s)} 1-0

[Event "Stay Safe Play From Home 221"]
[Site "T#646739Emanuel Laske"]
[Date "2020.06.12"]
[Round "3"]
[White "Edmatuag"]
[Black "EL sanbary"]
[Result "0-1"]
[WhiteElo "1717"]
[BlackElo "1916"]
[Annotator "TA"]
[PlyCount "56"]
[EventDate "2020.06.12"]
[EventType "swiss (blitz)"]

{[%evp 11,55,-20,-11,-29,-26,-23,-31,-49,-32,-38,0,-41,-1,-14,-13,-4,0,-120,-23,-72,-37,-133,-86,-93,-1,-47,0,-131,-128,-258,-125,-124,-83,-159,-35,-1000,-287,-1017,-991,-876,-175,-687,-688,-1654,-1545,-29999]} 1. f4 c5 2. Nf3 g6 3. e4 Bg7 4. d4 cxd4 5. Nxd4 Nc6 6. Nxc6 bxc6 7. c3 {B06: Modern Defence.} Nf6 8. Bd3 O-O 9. O-O {Black is slightly better.} d5 10. e5 {[#]} Nd7 $146 ({Predecessor:} 10... Ne4 11. Bxe4 dxe4 12. Qxd8 Rxd8 13. Re1 f5 14. Be3 a5 15. Na3 Ba6 16. Nc2 Kf7 {0-1 (32) Perez Candelario,M (2055)-Perez Candelario,M (2537) Madrid 2008}) 11. Kh1 e6 12. Be3 f6 13. exf6 Nxf6 14. Re1 (14. Nd2 $11) 14... Qd6 (14... Nh5 $17 15. Qa4 Bd7) 15. g3 c5 {aiming for ...d4.} 16. Bf1 (16. Be2 $1 $15) 16... Bb7 {...d4+ is the strong threat.} 17. Bg2 Rae8 (17... Rab8 $17 {next ...d4! is good for Black.} 18. Bc1 d4 19. Bxb7 Rxb7) 18. Na3 Re7 19. Nb5 (19. Nc4 $11 {keeps the balance.} Qc7 20. Ne5) 19... Qb6 $36 {[%mdl 2048] White is under strong pressure.} 20. Qa4 {[#]} (20. a4 $17) 20... a6 (20... d4 $1 $19 {[%mdl 512]} 21. cxd4 Rb8 22. dxc5 Bxg2+ 23. Kxg2 Qc6+ 24. Kg1 Rxb5) 21. Na3 Ng4 {White must now prevent ...d4.} 22. Bg1 (22. Qc2 $142) 22... d4 (22... Qxb2 $17 {Strongly threatening ...d4.} 23. Bxc5 Nf2+ 24. Bxf2 Qxf2) 23. Nc4 $2 {[%mdl 8192]} (23. Qc2 $15) 23... Bxg2+ $19 24. Kxg2 {[#]} Qb7+ $1 25. Kh3 h5 $2 (25... Rf5 {( -> ...Qf3!)} 26. Qd1 Rh5+ 27. Kxg4 Qg2) 26. Ne5 $2 (26. Rf1) 26... Nxe5 27. fxe5 g5 (27... Qf3 $2 28. Qd1 $19) 28. g4 Qf3# {Accuracy: White = 33%, Black = 41%.} 0-1

[Event "Stay Safe Play From Home 221"]
[Site "T#646739Emanuel Laske"]
[Date "2020.06.12"]
[Round "3"]
[White "Klasman"]
[Black "Hermann53"]
[Result "0-1"]
[WhiteElo "1296"]
[BlackElo "868"]
[Annotator "NA RC"]
[PlyCount "50"]
[EventDate "2020.06.12"]
[EventType "swiss (blitz)"]

1. f4 {[%emt 0:00:02]} g6 {[%emt 0:00:01]} 2. Nf3 {[%emt 0:00:01]} Bg7 {[%emt 0:00:01]} 3. e4 {[%emt 0:00:01]} c5 {[%emt 0:00:01]} 4. e5 {[%emt 0:00:02]} Nc6 {[%emt 0:00:01]} 5. d3 {[%emt 0:00:05]} Qa5+ {[%emt 0:00:05]} 6. Nc3 {[%emt 0:00:03]} Nb4 {[%emt 0:00:03]} 7. a3 {[%emt 0:00:03]} d6 {[%emt 0:00:04]} 8. Be3 {[%emt 0:00:04]} f6 {[%emt 0:00:04]} 9. axb4 {[%emt 0:00:02]} cxb4 {[%emt 0:00:02]} 10. Rxa5 {[%emt 0:00:02]} bxc3 {[%emt 0:00:02]} 11. bxc3 {[%emt 0:00:01]} Be6 {[%emt 0:00:02]} 12. exd6 {[%emt 0:00:04]} exd6 {[%emt 0:00:02]} 13. Bxa7 {[%emt 0:00:04]} Rd8 {[%emt 0:00:03]} 14. d4 {[%emt 0:00:03]} Ne7 {[%emt 0:00:01]} 15. Bb5+ {[%emt 0:00:02]} Nc6 {[%emt 0:00:06]} 16. Bxc6+ {[%emt 0:00:03]} bxc6 {[%emt 0:00:03]} 17. Bb6 {[%emt 0:00:03]} O-O {[%emt 0:00:02]} 18. Bxd8 {[%emt 0:00:02]} Rxd8 {[%emt 0:00:02]} 19. f5 {[%emt 0:00:02]} d5 {[%emt 0:00:00]} 20. fxe6 {[%emt 0:00:02]} f5 {[%emt 0:00:03]} 21. O-O {[%emt 0:00:01]} h5 {[%emt 0:00:02]} 22. Ra7 {[%emt 0:00:02]} Bh6 {[%emt 0:00:00]} 23. Rf7 {[%emt 0:00:03]} Be3+ {[%emt 0:00:03]} 24. Kh1 {[%emt 0:00:02]} Rf8 {[%emt 0:00:02]} 25. Qe2 {[%emt 0:00:01]} Bf2 {[%emt 0:00:02] Time (Lag: Av=0.34s, max=0.4s)} 0-1

[Event "Stay Safe Play From Home 221"]
[Site "T#646739Emanuel Laske"]
[Date "2020.06.12"]
[Round "4"]
[White "Fischer_11"]
[Black "Lamborghini"]
[Result "0-1"]
[WhiteElo "2068"]
[BlackElo "2272"]
[Annotator "NA RC"]
[PlyCount "84"]
[EventDate "2020.06.12"]
[EventType "swiss (blitz)"]

1. e4 {[%emt 0:00:02]} c5 {[%emt 0:00:03]} 2. c3 {[%emt 0:00:01]} d6 {[%emt 0:00:00]} 3. d4 {[%emt 0:00:01]} Nf6 {[%emt 0:00:00]} 4. dxc5 {[%emt 0:00:01]} g6 {[%emt 0:00:01]} 5. cxd6 {[%emt 0:00:01]} Bg7 {[%emt 0:00:01]} 6. Bd3 {[%emt 0:00:00]} O-O {[%emt 0:00:02]} 7. dxe7 {[%emt 0:00:01]} Qxe7 {[%emt 0:00:01]} 8. Nf3 {[%emt 0:00:01]} Nxe4 {[%emt 0:00:01]} 9. Bxe4 {[%emt 0:00:02]} Qxe4+ {[%emt 0:00:01]} 10. Qe2 {[%emt 0:00:00]} Qxe2+ {[%emt 0:00:01]} 11. Kxe2 {[%emt 0:00:00]} Re8+ {[%emt 0:00:01]} 12. Kf1 {[%emt 0:00:01]} b6 {[%emt 0:00:01]} 13. Be3 {[%emt 0:00:01]} Ba6+ {[%emt 0:00:00]} 14. Kg1 {[%emt 0:00:01]} Nd7 {[%emt 0:00:00]} 15. Nbd2 {[%emt 0:00:02]} Nf6 {[%emt 0:00:01]} 16. g3 {[%emt 0:00:01]} Rad8 {[%emt 0:00:02]} 17. Kg2 {[%emt 0:00:02]} Bb7 {[%emt 0:00:00]} 18. Rad1 {[%emt 0:00:06]} h6 {[%emt 0:00:01]} 19. Rhe1 {[%emt 0:00:01]} g5 {[%emt 0:00:01]} 20. Kf1 {[%emt 0:00:01]} Ng4 {[%emt 0:00:02]} 21. h3 {[%emt 0:00:02]} Nxe3+ {[%emt 0:00:02]} 22. Rxe3 {[%emt 0:00:00]} Rxe3 {[%emt 0:00:02]} 23. fxe3 {[%emt 0:00:01]} Ba6+ {[%emt 0:00:01]} 24. Kf2 {[%emt 0:00:01]} Bc8 {[%emt 0:00:02]} 25. Ke2 {[%emt 0:00:02]} Bxh3 {[%emt 0:00:02]} 26. Ne4 {[%emt 0:00:05]} Re8 {[%emt 0:00:01]} 27. Nf2 {[%emt 0:00:02]} Be6 {[%emt 0:00:02]} 28. Rd6 {[%emt 0:00:02]} Bf8 {[%emt 0:00:02]} 29. Rd2 {[%emt 0:00:03]} Bc5 {[%emt 0:00:02]} 30. Nd4 {[%emt 0:00:00]} Bc8 {[%emt 0:00:01]} 31. e4 {[%emt 0:00:02]} h5 {[%emt 0:00:02]} 32. Ke3 {[%emt 0:00:01]} g4 {[%emt 0:00:02]} 33. b4 {[%emt 0:00:01]} Bf8 {[%emt 0:00:01]} 34. Nd3 {[%emt 0:00:01]} Bh6+ {[%emt 0:00:01]} 35. Nf4 {[%emt 0:00:00]} f5 {[%emt 0:00:02]} 36. e5 {[%emt 0:00:07]} Rxe5+ {[%emt 0:00:02]} 37. Kd3 {[%emt 0:00:00]} Ba6+ {[%emt 0:00:01]} 38. c4 {[%emt 0:00:01]} Bb7 {[%emt 0:00:01]} 39. Re2 {[%emt 0:00:00]} Be4+ {[%emt 0:00:01]} 40. Kc3 {[%emt 0:00:01]} Bxf4 {[%emt 0:00:01]} 41. Re3 {[%emt 0:00:00]} Bxe3 {[%emt 0:00:01]} 42. c5 {[%emt 0:00:01]} Bxd4+ {[%emt 0:00:01] Zeit (Lag: Av=0.25s, max=0.8s)} 0-1

[Event "Stay Safe Play From Home 221"]
[Site "T#646739Emanuel Laske"]
[Date "2020.06.12"]
[Round "4"]
[White "Lazieri3"]
[Black "Grizzzly"]
[Result "1-0"]
[WhiteElo "2008"]
[BlackElo "1778"]
[Annotator "TA"]
[PlyCount "79"]
[EventDate "2020.06.12"]
[EventType "swiss (blitz)"]

{[%evp 9,78,2,2,-2,14,17,18,-18,0,-6,18,18,21,-14,0,0,20,23,21,8,23,-31,7,13,17,8,41,0,0,-15,5,0,0,0,0,0,12,8,14,8,89,12,19,6,13,14,19,16,42,39,20,0,0,0,1360,600,2500,2468,6311,6075,29982,29983,29983,29984,29984,29985,29985,29985,29994,29990,29999]} 1. e4 c6 2. Nc3 d5 3. d3 dxe4 4. Nxe4 Bf5 5. Ng3 Bg6 6. Nf3 {B11: Caro-Kann: Two Knights Variation.} Nd7 7. d4 Ngf6 8. Bf4 {[#] The position is equal.} e6 $146 (8... Nd5 {with more complications.} 9. Bd2 e6 10. Bc4 h5 11. Ne2 h4) ({Predecessor:} 8... Nd5 9. Bd2 e6 10. a3 Bd6 11. Ne2 b5 12. Nc3 O-O 13. Nxd5 exd5 14. Be2 Re8 {0-1 (41) Hummel,M (1970)-Neulinger,M (2330) St Veit 1996}) 9. Bd3 Be7 10. Bxg6 hxg6 11. c3 Qb6 12. Qe2 Nd5 13. Bg5 Bxg5 14. Nxg5 N7f6 (14... Qb5 {is interesting.} 15. Qd2 O-O 16. Ne2 e5 17. O-O Rfe8) 15. N5e4 (15. O-O $11) 15... Nxe4 16. Nxe4 O-O-O {Black wants to play ...Nf4.} 17. O-O-O Nf6 (17... Qc7 {looks sharper.} 18. g3 Qa5 19. a3 Nf6 20. Nc5 Nd7) 18. Nxf6 gxf6 19. h3 Kb8 20. Kb1 c5 21. dxc5 Qxc5 22. Qf3 Rxd1+ (22... f5 {is more complex.} 23. Rhe1 Kc8 24. a3 Qc4 25. Kc2 Qa4+) 23. Rxd1 $11 {[%mdl 4096] Endgame aiming for Rd7. KQR-KQR} Qe7 $1 24. Qf4+ Ka8 (24... Kc8 $11) 25. Qa4 $40 {[%mdl 128] White attacks.} (25. Qd6 $16 Qxd6 26. Rxd6) 25... Rd8 $1 26. Rxd8+ Qxd8 27. Qd4 Qxd4 28. cxd4 {KP-KP} Kb8 29. h4 {[#] g4 is the strong threat.} Kc7 30. g4 Kd6 31. Kc2 Kd5 $2 {[%mdl 8192]} (31... f5 $11 32. gxf5 exf5) 32. Kd3 (32. h5 $142 f5 33. h6) 32... f5 33. h5 fxg4 34. h6 f5 35. h7 {White mates.} e5 36. dxe5 Kxe5 37. h8=Q+ Kf4 38. Qh6+ Kf3 39. Qxg6 g3 40. Qxg3# {Accuracy: White = 74%, Black = 59%.} 1-0

[Event "Stay Safe Play From Home 221"]
[Site "T#646739Emanuel Laske"]
[Date "2020.06.12"]
[Round "4"]
[White "buzaglo"]
[Black "Little champs"]
[Result "0-1"]
[WhiteElo "1933"]
[BlackElo "2191"]
[Annotator "TA"]
[PlyCount "54"]
[EventDate "2020.06.12"]
[EventType "swiss (blitz)"]

{[%evp 10,53,0,13,68,75,62,21,59,-24,6,-56,-15,-139,-113,-206,-195,-210,-205,-558,-537,-1712,-689,-824,-822,-1147,-1126,-1093,-776,-766,-755,-1066,-1047,-1026,-929,-1014,-978,-979,-969,-1256,-1250,-1216,-952,-1071,-813,-29999]} 1. d4 c6 2. Nf3 d5 3. g3 Nf6 4. Bg2 Bf5 5. O-O e6 6. Nh4 Bg6 {D02: 1 d4 d5 2 Nf3 sidelines, including 2...Nf6 3 g3 and 2...Nf6 3 Bf4.} ({Black should play} 6... Bg4 $11) 7. Nxg6 $14 hxg6 8. Bg5 Bd6 {[#] The position is equal.} 9. f4 $146 (9. c4 $14) ({Predecessor:} 9. c4 Nbd7 10. Qc2 Qc7 11. Nd2 O-O-O 12. e4 dxe4 13. Nxe4 Be7 14. Rfd1 Rh5 15. Rab1 {½-½ (31) Mastalarz,J (1737)-Pluta,N (1787) Polanica Zdroj 2017}) 9... Nbd7 10. Bxf6 (10. e3 $11) 10... Nxf6 11. e4 {White is on the road to losing.} (11. e3 $11 {keeps the balance.}) 11... dxe4 12. Qe2 (12. Nc3 $17 {might work better.}) 12... Qb6 $19 13. c3 c5 14. Bxe4 $2 {[#]} (14. Na3 {is tougher.}) 14... cxd4 15. Bg2 dxc3+ (15... d3+ $142 16. Qf2 {[#]} Bc5 $1 {[%mdl 512]}) 16. Kh1 cxb2 17. Nc3 bxa1=Q 18. Rxa1 O-O 19. Rb1 Qc5 20. Na4 Qa3 21. Nb2 Rac8 {[%cal Ba8c8,Bc8c4,Bc4d4][%mdl 32]} 22. Nd3 Nd5 {aiming for ...Nc3.} 23. Rb3 Qa6 24. Qd2 Rc4 25. Bf1 Rd4 26. Qc2 Nb4 27. Nxb4 Qxf1# {Accuracy: White = 11%, Black = 47%.} 0-1

[Event "Stay Safe Play From Home 221"]
[Site "T#646739Emanuel Laske"]
[Date "2020.06.12"]
[Round "4"]
[White "EL sanbary"]
[Black "Mepe_Nika"]
[Result "0-1"]
[WhiteElo "1924"]
[BlackElo "2381"]
[Annotator "TA"]
[PlyCount "82"]
[EventDate "2020.06.12"]
[EventType "swiss (blitz)"]

{[%evp 15,82,-5,-4,-31,0,-9,-22,-49,-52,-41,-38,-44,-54,-86,-37,-64,-69,-121,-127,-130,-132,-301,-177,-175,-138,-481,-473,-505,-519,-541,-532,-529,-506,-546,-549,-559,-559,-546,-544,-537,-495,-604,-520,-493,-402,-407,-401,-354,-320,-368,-345,-429,-337,-520,972,974,1288,1309,986,714,834,1091,29976,29977,29987,29988,29978,29979,637]} 1. c4 c6 2. g3 d5 3. cxd5 cxd5 4. d4 Nc6 5. Bg2 Bf5 6. Nf3 e6 7. O-O Nf6 8. Nc3 Bd6 9. Bf4 {D13: Slav Defence: Exchange variation without ...Bf5.} O-O 10. Ne5 Bxe5 {[#]} 11. dxe5 $146 {The position is equal.} ({Predecessor:} 11. Bxe5 Nxe5 12. dxe5 Nd7 13. e4 dxe4 14. Qd6 f6 15. exf6 Nxf6 16. Qb4 a5 17. Qa4 {½-½ (31) Felegyhazi,L (2310)-Kovacs,A (2160) Aggtelek 1997}) 11... Nd7 12. e4 dxe4 13. Nxe4 Ndxe5 14. Nd6 Nd3 15. Nxb7 Qb6 {[%mdl 64] [#] Double Attack} 16. Nd6 ({Better is} 16. Qb3 $15 Nxf4 17. Qxb6 axb6 18. Bxc6) 16... Nxf4 $17 17. gxf4 Rad8 {And now ...Nb8 would win.} 18. Nc4 $2 (18. Bxc6 $17 Qxc6 19. Nxf5 exf5 20. Qc1 Qg6+ 21. Kh1) 18... Rxd1 (18... Qa6 $142 19. Qc1 Nd4) 19. Nxb6 $19 Rxf1+ 20. Bxf1 $4 {[%mdl 8192]} (20. Rxf1 $17 {is tougher.} Nd4 21. Rd1) 20... axb6 21. Rc1 Nd4 22. Rc7 h6 23. Kg2 g5 24. fxg5 hxg5 25. Kg3 Ra8 26. a3 b5 {[%cal Bb6b5,Bb5b4][%mdl 32]} 27. Bg2 Rb8 28. f4 gxf4+ 29. Kxf4 b4 30. a4 b3 31. Ke5 Ne2 32. Kf6 Nf4 33. Bf3 Bg6 34. h4 {[#]} (34. a5 $142 Nd5+ 35. Bxd5 exd5 36. Rc5) 34... Ra8 $4 {[%mdl 8192]} (34... e5 $1 $19 35. Re7 (35. Kxe5 Nd3+) 35... Kf8) 35. Bxa8 $18 {[%mdl 4096] Endgame KRB-KBN} Nh5+ 36. Kg5 Kg7 37. Bc6 Ng3 38. a5 Ne2 39. a6 {White mates.} Nd4 40. a7 e5 41. a8=Q Ne6+ {[%mdl 32768] Accuracy: White = 44%, Black = 57%. . Loss on time!?} 0-1

[Event "Stay Safe Play From Home 221"]
[Site "T#646739Emanuel Laske"]
[Date "2020.06.12"]
[Round "4"]
[White "Trotsky"]
[Black "Klasman"]
[Result "1-0"]
[WhiteElo "1631"]
[BlackElo "1265"]
[Annotator "NA RC"]
[PlyCount "57"]
[EventDate "2020.06.12"]
[EventType "swiss (blitz)"]

1. d4 {[%emt 0:00:01]} f5 {[%emt 0:00:01]} 2. e3 {[%emt 0:00:00]} Nf6 {[%emt 0:00:01]} 3. c4 {[%emt 0:00:00]} e6 {[%emt 0:00:01]} 4. Nc3 {[%emt 0:00:00]} c6 {[%emt 0:00:01]} 5. Bd3 {[%emt 0:00:01]} Bb4 {[%emt 0:00:01]} 6. Qc2 {[%emt 0:00:01]} d5 {[%emt 0:00:01]} 7. c5 {[%emt 0:00:01]} Qa5 {[%emt 0:00:02]} 8. Bd2 {[%emt 0:00:02]} Bxc3 {[%emt 0:00:04]} 9. Bxc3 {[%emt 0:00:02]} Qc7 {[%emt 0:00:02]} 10. Nf3 {[%emt 0:00:01]} O-O {[%emt 0:00:02]} 11. O-O-O {[%emt 0:00:01]} Ne4 {[%emt 0:00:02]} 12. h4 {[%emt 0:00:03]} Nd7 {[%emt 0:00:02]} 13. Ng5 {[%emt 0:00:01]} h6 {[%emt 0:00:03]} 14. f3 {[%emt 0:00:05]} Nxc3 {[%emt 0:00:03]} 15. bxc3 {[%emt 0:00:01]} hxg5 {[%emt 0:00:02]} 16. hxg5 {[%emt 0:00:01]} g6 {[%emt 0:00:02]} 17. e4 {[%emt 0:00:01]} dxe4 {[%emt 0:00:02]} 18. fxe4 {[%emt 0:00:01]} Qd8 {[%emt 0:00:01]} 19. e5 {[%emt 0:00:01]} Qxg5+ {[%emt 0:00:01]} 20. Kb1 {[%emt 0:00:04]} b6 {[%emt 0:00:02]} 21. Rh2 {[%emt 0:00:01]} Bb7 {[%emt 0:00:02]} 22. Rdh1 {[%emt 0:00:02]} Kf7 {[%emt 0:00:01]} 23. Rh7+ {[%emt 0:00:02]} Ke8 {[%emt 0:00:02]} 24. Bc4 {[%emt 0:00:06]} bxc5 {[%emt 0:00:10]} 25. Bxe6 {[%emt 0:00:01]} Nxe5 {[%emt 0:00:02]} 26. dxe5 {[%emt 0:00:02]} Ba6 {[%emt 0:00:02]} 27. Bd7+ {[%emt 0:00:02]} Kd8 {[%emt 0:00:02]} 28. Rd1 {[%emt 0:00:02]} Qg4 {[%emt 0:00:03]} 29. Bxc6+ {[%emt 0:00:03] Time (Lag: Av=0.31s, max=0.5s) '} 1-0